000
00318nam a2200121Ia 4500
008
240624s9999 xx 000 0 und d
041
_a
eng
082
_a
005.133 JOS
100
_a
JOSUTTIS NICOLAI M
245
_a
OBJECT ORIENTED PROGRAMMING IN C
260
_c
2003
_a
New Delhi
_b
Wiley Dreamtech India
300
_a
xii, : 610
999
_c
948
_d
948